000 00807nam a2200265Ia 4500
003 OSt
005 20221005085648.0
006 a|||||r|||| 00| 0
007 ta
008 221004b |||||||| |||| 00| 0 eng d
020 _a9781462520541 (hb)
_cUSD 45.00
024 _a29284
037 _bIN17686/16-17, 10/03/2017, Shankar's Book Agency Pvt. Ltd.
_cTextual
040 _aCRL
_cCRL
_beng
041 _2eng
_aeng
082 _aS:5, Q5
100 _aLeahy Robert L.
_936317
245 0 _aEmotional schema therapy
260 _aNew York
_bGuildford USA
_c2015
300 _axv,384p.
_ccm.
650 _a PSYCHOLOGY
650 _aEMOTIONS
_933181
942 _hS:5, Q5
_cTEXL
_2cc
999 _c994578
_d994578